000 00509nam a2200205Ia 4500
003 OSt
005 20230330162415.0
008 210423s2008 xx 000 0 und d
020 _a8174462651
040 _cAL
041 _aeng
082 _a657 BALN
100 _aBALWANI (Nitin).
_980498
245 _aAccounting and finance for managers.
260 _aNew Delhi
_bExcel Books
_c2008
300 _axiv,608
_bPB
365 _b310
_cINR
906 _aAccounting ; finance ; managers
942 _2ddc
_cBK
999 _c157655
_d157655